书目信息 |
| 题名: |
欧洲建筑照明设计
|
|
| 作者: | 克里斯, 编 ;汪斌 , 王津红 译 | |
| 分册: | ||
| 出版信息: | 大连 大连理工大学出版社 2006.02 |
|
| 页数: | 208页 | |
| 开本: | 30cm | |
| 丛书名: | ||
| 单 册: | ||
| 中图分类: | TU113.6 | |
| 科图分类: | ||
| 主题词: | 建筑--jian zhu--照明设计--欧洲 | |
| 电子资源: | ||
| ISBN: | 7-5611-3040-6 | |
| 000 | 01098nam0 2200253 450 | |
| 001 | 012006126480 | |
| 005 | 20060630150821.62 | |
| 010 | @a7-5611-3040-6@b精装@dCNY160.00 | |
| 100 | @a20060609d2006 km y0chiy0120 ea | |
| 101 | 1 | @achi@aeng@cger |
| 102 | @aCN@b210000 | |
| 105 | @aa z 000yy | |
| 200 | 1 | @a欧洲建筑照明设计@Aou zhou jian zhu zhao ming she ji@d= Light spaces: integral solutions by Kress & Adams@f(德) 汉内洛蕾·克里斯 (Hannellore Kress) 编@F(de)han nei luo lei·ke li si(Hannellore Kress)bian@g汪斌, 王津红译@Gwang bin,wang jin hong yi |
| 210 | @a大连@c大连理工大学出版社@d2006.02 | |
| 215 | @a208页@c图@d30cm | |
| 330 | @a本书主要是以欧洲建筑为范例,介绍由克里斯和亚当斯设计建筑照明设计和照明规划,关注建筑空间的划分和照明设施的应用。 | |
| 510 | 1 | @aLight spaces: integral solutions by Kress & Adams@zeng |
| 606 | 0 | @a建筑@Ajian zhu@x照明设计@y欧洲 |
| 690 | @aTU113.6@v4 | |
| 701 | 1 | @a克里斯,@Ake li si,@bH.@g(Kress, Hannelore)@4编 |
| 702 | 0 | @a汪斌@Awang bin@4译 |
| 702 | 0 | @a王津红@Awang jin hong@4译 |
| 801 | 0 | @aCN@bQSSK@c20060630 |
| 905 | @a10447@dTU113.6@eK656 | |
| 欧洲建筑照明设计= Light spaces: integral solutions by Kress & Adams/(德) 汉内洛蕾·克里斯 (Hannellore Kress) 编/汪斌, 王津红译.-大连:大连理工大学出版社,2006.02 |
| 208页:图;30cm |
| ISBN 7-5611-3040-6(精装):CNY160.00 |
| 本书主要是以欧洲建筑为范例,介绍由克里斯和亚当斯设计建筑照明设计和照明规划,关注建筑空间的划分和照明设施的应用。 |
| ● |
| 相关链接 |
|
|
|
正题名:欧洲建筑照明设计
索取号:TU113.6/K656
 
预约/预借
| 序号 | 登录号 | 条形码 | 馆藏地/架位号 | 状态 | 备注 |
| 1 | 581833 | 205818338 | 建筑库101/101建筑库 25排3列4层/ [索取号:TU113.6/K656] | 在馆 |